| Tag |
First Indicator |
Second Indicator |
Subfields |
| LEADER |
00000pam a2200000 4500 |
| 001 |
in00000252425 |
| 005 |
20151010052446.0 |
| 008 |
731129s1974 nju b 00110 eng |
| 010 |
|
|
|a 73021526
|
| 020 |
|
|
|a 0139349359
|
| 020 |
|
|
|a 0139349278 (pbk.)
|
| 035 |
|
|
|a (OCoLC)00763633
|
| 035 |
|
|
|9 ABC0511AM
|
| 040 |
|
|
|a DLC
|c DLC
|d TXA
|d UtOrBLW
|
| 043 |
|
|
|a n-us---
|
| 049 |
|
|
|a TXAM
|c [1372445]
|
| 050 |
0 |
0 |
|a E744
|b .C355 1974
|
| 082 |
0 |
|
|a 327.73
|
| 100 |
1 |
|
|a Caridi, Ronald J.
|
| 245 |
1 |
0 |
|a 20th century American foreign policy: security and self-interest /
|c [by] Ronald J. Caridi.
|
| 264 |
|
1 |
|a Englewood Cliffs, N.J. :
|b Prentice-Hall,
|c [1974]
|
| 300 |
|
|
|a xii, 388 pages ;
|c 24 cm.
|
| 336 |
|
|
|a text
|b txt
|2 rdacontent
|
| 337 |
|
|
|a unmediated
|b n
|2 rdamedia
|
| 338 |
|
|
|a volume
|b nc
|2 rdacarrier
|
| 504 |
|
|
|a Includes bibliographical references.
|
| 651 |
|
0 |
|a United States
|x Foreign relations
|y 20th century.
|
| 999 |
|
|
|a MARS
|
| 999 |
f |
f |
|s d669aaf1-de73-384d-99b1-b3643881a06e
|i 87d67906-92f2-3bd5-9de6-390553394ffc
|t 0
|
| 952 |
f |
f |
|p ric
|a Texas A&M University
|b Rellis Campus
|c Joint Library Facility
|d Remote Storage
|t 0
|e E744 .C355 1974
|h Library of Congress classification
|i unmediated -- volume
|m A14802243643
|
| 998 |
f |
f |
|a E744 .C355 1974
|t 0
|l Remote Storage
|